[Event "Los Gatos Fremont-South Bay"]
[Site "Los Gatos"]
[Date "2005.04.03"]
[Round "2"]
[White "Garbe, Kevin"]
[Black "Uesato, Jonathan"]
[Result "0-1"]
[WhiteElo "1149"]
[BlackElo "1064"]
[PlyCount "80"]
[EventDate "2005.04.03"]
[EventType "match"]
[EventRounds "2"]
[EventCountry "USA"]
[SourceTitle "EXT 2009"]
[Source "ChessBase"]
[SourceDate "2008.11.26"]
[SourceVersion "1"]
[SourceVersionDate "2008.11.26"]
[SourceQuality "1"]

1. d4 e5 2. dxe5 Nc6 3. Nf3 f6 4. Bf4 g5 5. Bg3 h5 6. h3 d6 7. exf6 Nxf6 8. Nc3 Be6 9. e4 Qd7 10. Qd2 0-0-0 11. Qxg5 Qf7 12. Qd2 Bh6 13. Ng5 Qg6 14. f4 Bd7 15. 0-0-0 Bxg5 16. fxg5 Nxe4 17. Nxe4 Qxe4 18. Bd3 Qa4 19. Kb1 Be6 20. a3 b5 21. Rhe1 Rhe8 22. Qe2 Ba2+ 23. Kxa2 Rxe2 24. Rxe2 Nb4+ 25. Kb1 Nxd3 26. Rxd3 Rg8 27. h4 Qg4 28. Rf2 Re8 29. Rf4 Qd7 30. Bf2 a6 31. Rg3 c6 32. g6 Re7 33. Bd4 Re1+ 34. Ka2 Qe6+ 35. b3 Qe2 36. Rf8+ Kd7 37. Rf7+ Kd8 38. Rf8+ Kd7 39. Rf2 Qd1 40. Kb2 Qa1# 0-1

[Event "Los Gatos Fremont-South Bay"]
[Site "Los Gatos"]
[Date "2005.04.03"]
[Round "1"]
[White "Uesato, Jonathan"]
[Black "Garbe, Kevin"]
[Result "0-1"]
[WhiteElo "1064"]
[BlackElo "1149"]
[PlyCount "98"]
[EventDate "2005.04.03"]
[EventType "match"]
[EventRounds "2"]
[EventCountry "USA"]
[SourceTitle "EXT 2009"]
[Source "ChessBase"]
[SourceDate "2008.11.26"]
[SourceVersion "1"]
[SourceVersionDate "2008.11.26"]
[SourceQuality "1"]

1. e4 c5 2. b4 cxb4 3. d4 d6 4. Nf3 Nf6 5. Bd3 g6 6. c3 bxc3 7. Nxc3 Bg7 8. 0-0 0-0 9. Bg5 Re8 10. Qd2 Bg4 11. Qe3 h6 12. Bxh6 Bxh6 13. Qxh6 Bxf3 14. gxf3 Nc6 15. Rfd1 e6 16. Bb5 a6 17. Bxc6 bxc6 18. Qg5 Nh7 19. Qxd8 Raxd8 20. f4 c5 21. Na4 cxd4 22. Rxd4 Nf8 23. Rad1 d5 24. exd5 exd5 25. Nc5 Ne6 26. Nxe6 fxe6 27. Kg2 Kf7 28. Kg3 Kf6 29. Kg4 Rh8 30. h4 Rh5 31. Re1 Rd6 32. f3 Rc6 33. a4 Rc4 34. Rxc4 dxc4 35. Rc1 Rc5 36. Kg3 Kf5 37. Rc3 a5 38. Rc1 c3 39. Ra1 c2 40. Rc1 Rc6 41. Kf2 Kxf4 42. Ke2 e5 43. Kd2 Kxf3 44. Rxc2 Rxc2+ 45. Kxc2 e4 46. Kd2 Kf2 47. Kc3 e3 48. Kc4 e2 49. Kb5 e1Q 0-1